Southville International School and Colleges
Your cart is empty.
  • Cart
  • Lists
    Public lists Eva Luna New books Lux_list list_1
    Your lists Log in to create your own lists
  • Log in to your account
  • Your cookies
  • Search history
Southville International School and Colleges
  • Advanced search
  • Recent comments
  • Most popular
  • Libraries

Log in to your account

Log in with GOOGLE


If you do not have an external account, but do have a local account, you can still log in:

  1. Home
  2. MARC view: The assassins' gate :
Normal view MARC view ISBD view

The assassins' gate : (Record no. 339786)

[ view plain ]
MARC details
000 -LEADER
fixed length control field 00759nam a2200313Ia 4500
008 - FIXED-LENGTH DATA ELEMENTS--GENERAL INFORMATION
fixed length control field 170711s9999 xx 000 0 und d
020 ## - INTERNATIONAL STANDARD BOOK NUMBER
International Standard Book Number 9780374530556
050 ## - LIBRARY OF CONGRESS CALL NUMBER
Classification number 956.7
050 ## - LIBRARY OF CONGRESS CALL NUMBER
Item number P119 2005
100 ## - MAIN ENTRY--PERSONAL NAME
Personal name Packer, George
245 #4 - TITLE STATEMENT
Title The assassins' gate :
245 ## - TITLE STATEMENT
Remainder of title America in Iraq /
245 ## - TITLE STATEMENT
Statement of responsibility, etc by George Packer.
260 ## - PUBLICATION, DISTRIBUTION, ETC. (IMPRINT)
Place of publication, distribution, etc New York :
260 ## - PUBLICATION, DISTRIBUTION, ETC. (IMPRINT)
Name of publisher, distributor, etc FSG,
260 ## - PUBLICATION, DISTRIBUTION, ETC. (IMPRINT)
Date of publication, distribution, etc 2005
300 ## - PHYSICAL DESCRIPTION
Extent 481 pages :
300 ## - PHYSICAL DESCRIPTION
Other physical details illustrations ;
300 ## - PHYSICAL DESCRIPTION
Dimensions 21cm.
500 ## - GENERAL NOTE
General note Includes bibliographic reference and index.
650 ## - SUBJECT ADDED ENTRY--TOPICAL TERM
Topical term or geographic name as entry element Civil war --
650 ## - SUBJECT ADDED ENTRY--TOPICAL TERM
Topical term or geographic name as entry element Insurgency --
650 ## - SUBJECT ADDED ENTRY--TOPICAL TERM
Topical term or geographic name as entry element Iraq --
650 ## - SUBJECT ADDED ENTRY--TOPICAL TERM
Topical term or geographic name as entry element Iraq war, 2003.
650 ## - SUBJECT ADDED ENTRY--TOPICAL TERM
General subdivision Iraq.
650 ## - SUBJECT ADDED ENTRY--TOPICAL TERM
General subdivision Iraq.
650 ## - SUBJECT ADDED ENTRY--TOPICAL TERM
General subdivision Politics and government.
700 ## - ADDED ENTRY--PERSONAL NAME
Personal name Title.

No items available.

The assassins' gate :

APA

Packer G., Title, .The assassins' gate. New York: .

Chicago

Packer George, Title, .The assassins' gate. New York: .

Harvard

Packer G., Title, .The assassins' gate. New York: .

MLA

Packer George, Title, .New York: . .

  • Print
  • Cite
  • Add to your cart (remove)
  • Save record
    BIBTEX Dublin Core MARCXML MARC (non-Unicode/MARC-8) MARC (Unicode/UTF-8) MARC (Unicode/UTF-8, Standard) MODS (XML) RIS
  • More searches
    Search for this title in:
    Other Libraries (WorldCat) Other Databases (Google Scholar) Online Stores (Bookfinder.com) Open Library (openlibrary.org)

Exporting to Dublin Core...

SOUTHVILLE LIBRARY

Southville International School and Colleges Library

1281 Tropical Ave. Cor. Luxembourg St., BF Homes International, Las Pinas City

Tel. No. 8256374 / 252358 Loc. 117/146

Powered by Koha